[Event "27th Fajr Cup Masters 2019"]
[Site "Tehran"]
[Date "2019.02.08"]
[Round "6.6"]
[White "Alizadeh, Gh"]
[Black "Lorparizangeneh, Shahin"]
[Result "1-0"]
[WhiteElo "2191"]
[BlackElo "2493"]
[Annotator "TA"]
[PlyCount "99"]
[EventDate "2019.02.05"]
[EventType "swiss"]
[EventCountry "IRI"]
[SourceTitle "playchess.com"]
[Source "ChessBase"]
[SourceQuality "1"]

{[%evp 9,99,30,32,31,31,25,26,22,54,18,23,2,17,25,13,-2,0,-31,-2,-2,-6,-27,-22,-43,-39,-65,-38,-62,-56,-61,-29,-32,-26,-25,-18,-25,-11,-40,-35,-42,-50,-28,-35,-36,-41,-110,-75,-117,-110,-101,-107,-123,-145,-184,-166,-180,-166,-169,-151,-159,-146,-160,-166,-185,-25,-98,-25,-25,-25,-53,0,-25,-14,-36,-37,-262,-262,-258,-253,-239,-254,-258,-245,-232,-12,-12,639,622,671,679,751,747]} 1. e4 e5 2. Nf3 Nc6 3. Bb5 Nge7 4. Nc3 Ng6 5. d4 exd4 6. Nxd4 {C60: Ruy Lopez: Unusual Black 3rd moves and 3...g6} Nxd4 7. Qxd4 c6 8. Be2 {White has an edge.} Qb6 9. Qxb6 (9. Be3 {looks sharper.} Qxb2 10. Rb1 Qa3 11. O-O Qd6 12. f4) (9. Be3 Qxd4 10. Bxd4 Nf4 11. Bf3 Ne6 12. Be3 f6 {½-½ (39) Guseinov,G (2664)-Motylev,A (2644) St Petersburg 2018}) 9... axb6 10. Be3 Bc5 $146 ({Predecessor:} 10... b5 11. O-O Be7 12. f4 O-O 13. g4 Re8 14. Bd4 {0-1 (39) Moldoveanu,E (2245)-Dinu,G (2295) Bucharest 1995}) 11. Bxc5 bxc5 12. O-O d6 13. Rfd1 Ke7 14. a4 Nf4 15. Bf3 Ne6 16. Ne2 Ng5 17. c4 h5 18. Nc3 h4 19. Rd3 f6 20. b3 Nf7 21. Rd2 Ne5 22. Be2 g5 23. Nd1 h3 24. g3 $1 f5 25. exf5 Bxf5 26. Ne3 Raf8 27. f3 (27. Re1 $15) 27... Rh6 28. Rf1 Rhf6 29. f4 gxf4 30. Rxf4 Be6 31. Rxf6 Rxf6 32. Rc2 b6 33. Nd1 Rf8 34. Rc3 d5 {Strongly threatening ...d4.} 35. cxd5 cxd5 {Threatens to win with ...d4.} ({Reject} 35... Bxd5 $6 36. Nb2 $11) 36. g4 Rh8 $2 ({Much less strong is} 36... Bxg4 37. Bxg4 Nxg4 38. Rxh3 $17) (36... Nxg4 $19 {...Nf6 is the strong threat.} 37. Rxh3 Nf6) 37. Rg3 (37. Nf2 $1 $11) 37... d4 (37... Nf7 $1 $17 38. Kf1 Ng5) 38. Nf2 $11 Rh4 39. Kf1 Rh8 (39... Nf7 $15) 40. Ke1 Ng6 41. Nxh3 Ne5 42. Kd1 $2 {[#]} (42. Nf4 $15) 42... d3 $1 $19 {[%cal Rd3e2][%mdl 512]} 43. Bf1 (43. Bxd3 Nxd3) 43... Bxb3+ 44. Kd2 {[#]} c4 $1 45. g5 {[#]} Rf8 $1 {[%cal Rf8f1]} ({Resist} 45... Bxa4 46. g6 $17) 46. Bg2 c3+ $2 (46... Bxa4 $19 47. Re3 Kd6) 47. Kxc3 $11 Rc8+ $2 {[%mdl 8192]} (47... Bxa4 $11 48. Re3 Ke6) 48. Kxb3 $18 {White is clearly winning.} d2 49. Nf2 Rc1 50. g6 {Accuracy: White = 39%, Black = 49%.} 1-0

[Event "27th Fajr Cup Masters 2019"]
[Site "Tehran"]
[Date "2019.02.08"]
[Round "6.7"]
[White "Omidi, Arya"]
[Black "Firouzja, Alireza"]
[Result "0-1"]
[WhiteElo "2354"]
[BlackElo "2618"]
[Annotator "TA"]
[PlyCount "82"]
[EventDate "2019.02.05"]
[EventType "swiss"]
[EventCountry "IRI"]
[SourceTitle "playchess.com"]
[Source "ChessBase"]
[SourceQuality "1"]

{[%evp 18,82,9,10,8,0,24,15,17,9,21,-15,-16,-33,-42,-48,-41,-35,0,0,0,0,0,0,0,0,50,0,0,-16,-8,-22,-11,-45,-24,-18,-22,-16,-16,-69,-59,-56,-52,-59,-51,-51,-51,-58,-60,-52,-52,-60,-54,-63,-58,-52,-60,-402,-402,-1489,-1426,-1114,-997,-12829,-12823,-6079,-5543]} 1. e4 c5 2. Nf3 Nc6 3. Bb5 g6 4. Bxc6 dxc6 5. O-O Bg7 6. d3 Nf6 7. h3 Nd7 8. Nc3 e5 9. Be3 Qe7 10. Qd2 Nf8 {B31: Sicilian: 2...Nc6 3 Bb5 g6} 11. Bh6 Bxh6 12. Qxh6 f6 {The position is equal.} 13. Ne2 Ne6 14. Nh4 Qf8 {[#]} 15. Qe3 $146 ({Predecessor:} 15. Qd2 g5 16. Nf5 Nf4 17. Neg3 h5 18. Ne3 {½-½ (45) Iljin,A (2508)-Potapov,P (2385) Pardubice 2006}) 15... Nd4 16. Nxd4 cxd4 17. Qe2 Qd6 18. f4 exf4 19. e5 Qxe5 20. Qxe5+ fxe5 21. Rae1 Kf7 22. Nf3 (22. Rxe5 $5 {[%cal Rf1f4]} Kf6 23. Rfe1 $11) 22... Kf6 23. Nxe5 g5 24. Nf3 Rd8 25. Re4 Bf5 26. Rxd4 c5 27. Rxd8 Rxd8 $11 {[%mdl 4096] Endgame KRB-KRN} 28. b3 (28. h4 $11) 28... Re8 $1 $15 29. Kf2 h5 30. Nd2 g4 31. hxg4 hxg4 {Hoping for ...g3+.} 32. g3 f3 {Strongly threatening ...Re2+.} 33. Re1 Rh8 {aiming for ...Rh2+.} 34. Nf1 b5 35. Ra1 Rh1 36. a4 {[#]} c4 $1 {[%mdl 512]} 37. axb5 $2 {[%mdl 8192]} ({White should play} 37. bxc4 $15 bxc4 38. dxc4) 37... cxb3 $19 {[%mdl 64] Overworked Piece} 38. cxb3 (38. Ke3 $142 bxc2 39. Kd2) 38... Bxd3 {Black is clearly winning.} 39. Ra6+ {[#]} Kg5 $1 40. Ne3 Rh2+ 41. Kg1 Re2 {Accuracy: White = 36%, Black = 72%.} 0-1

[Event "27th Fajr Cup Masters 2019"]
[Site "Tehran"]
[Date "2019.02.08"]
[Round "6.8"]
[White "Asgharzadeh, M.reza"]
[Black "Ter-Sahakyan, Samvel"]
[Result "0-1"]
[WhiteElo "2304"]
[BlackElo "2593"]
[Annotator "TA"]
[PlyCount "104"]
[EventDate "2019.02.05"]
[EventType "swiss"]
[EventCountry "IRI"]
[SourceTitle "playchess.com"]
[Source "ChessBase"]
[SourceQuality "1"]

{[%evp 21,104,12,20,0,-2,-17,0,0,0,0,0,0,0,-8,-10,-85,-44,-124,-114,-122,-61,-109,-111,-125,-112,-118,-107,-100,-109,-112,-93,-137,-132,-139,-131,-139,-145,-191,-110,-183,-146,-166,-160,-152,-154,-163,-158,-147,-153,-151,-68,-235,-230,-261,-237,-220,-150,-143,-160,-199,-87,-79,0,-153,-153,-371,-359,-389,-368,-551,-532,-542,-481,-515,-506,-1484,-1226,-1108,-1054,-998,-982,-862,-831,-29972,-29970]} 1. d4 f5 2. Nf3 Nf6 3. g3 e6 4. Bg2 d5 5. O-O Bd6 6. b3 Qe7 7. c4 c6 8. Bb2 O-O 9. Nbd2 b6 10. Rc1 Bb7 11. Ne5 a5 12. a4 {A90: Dutch Defence: Miscellaneous and Modern Stonewall (with ...Bd6)} (12. e3 Na6 13. Nb1 Bxe5 14. dxe5 Ne4 15. Qe2 a4 16. Nc3 axb3 17. axb3 Qb4 18. Nxe4 dxe4 19. Qc2 Nc5 20. Bc3 Qxb3 21. Qxb3 Nxb3 {0-1 (52) Caruana,F (2802)-Carlsen,M (2863) Shamkir 2015}) 12... Na6 13. Nd3 Rac8 14. e3 {The position is equal.} Ne4 15. Nf3 Nb4 16. Nfe5 c5 {[#]} 17. dxc5 $146 ({Predecessor:} 17. cxd5 exd5 18. f3 Nf6 19. Nxb4 axb4 20. Rf2 {½-½ (45) Brunello,S (2566)-Fressinet,L (2676) Douglas 2016}) 17... bxc5 18. Nf4 (18. Qe2 $11) 18... Rfd8 {And now ...d4! would win.} 19. Qh5 ({White should try} 19. Bxe4 $15 dxe4 20. Qe2) 19... Bxe5 $17 20. Bxe5 d4 (20... Nd2 $17 {...dxc4 is the strong threat.} 21. Rfd1 dxc4 22. bxc4 Bxg2 23. Kxg2 g5) 21. Rcd1 {[%cal Re3d4]} Nc6 $1 {[%cal Rc6e5]} 22. exd4 cxd4 23. Nd3 Nxe5 24. Nxe5 Nc5 25. Bxb7 Qxb7 26. Rfe1 d3 $1 (26... Nxb3 $6 27. Rb1 $11) 27. Rd2 {[#]} Rd4 $1 28. Re3 {[%cal Re5d3]} g6 29. Qf3 {With the idea Qxb7.} Qxf3 (29... Qxb3 $19 30. Qd1 Qb6) 30. Rxf3 (30. Nxf3 $17 Rd6 31. Rd1) 30... Rcd8 31. Nc6 Nxb3 32. Rd1 Nc5 33. Nxd8 Rxd8 {[%mdl 4096] Endgame KRR-KRN} 34. Re3 {[#]} Rd4 $1 35. Kf1 Rxc4 (35... Kf7 $17 36. Re5 Rxc4 37. Rxc5 Rxc5 38. Rxd3 Ke7) 36. Ke1 $2 (36. Ree1 $1 $15) 36... Kf7 $19 37. Rb1 Kf6 38. Rb5 g5 (38... Nxa4 39. Rxd3 Nc5 40. Rd8 $11) 39. f4 h6 (39... gxf4 40. gxf4 Ke7 41. h4 $17) 40. h3 Rc2 ({Less strong is} 40... Nxa4 41. Rxd3 Nc5 42. Ra3 $15) ({Don't play} 40... gxf4 41. gxf4 Ke7 42. h4) (40... Kf7 $19 41. h4 gxf4 42. gxf4 Kg6) 41. Kd1 $17 Rc4 (41... gxf4 $17 42. gxf4 Rc4) 42. Kd2 $2 (42. Ke1 $1 $11) 42... Ke7 43. Kd1 $2 (43. h4 $17 {was worth a try.}) 43... Nxa4 $19 {White must now prevent ...Nc3+.} 44. Rb7+ Kf6 45. Kd2 (45. Rf3 $142) 45... Nc5 46. Rh7 Kg6 47. Rh8 a4 48. Re5 (48. fxg5 $142 hxg5 49. Rg8+ Kf7 50. Ra8) 48... Rc2+ 49. Kd1 Nb3 {[%csl Gb3][%cal Rc2c1]} 50. Ke1 d2+ 51. Ke2 Rc1 52. Rxe6+ Kg7 {Accuracy: White = 46%, Black = 71%.} 0-1

[Event "27th Fajr Cup Masters 2019"]
[Site "Tehran"]
[Date "2019.02.09"]
[Round "7.1"]
[White "Fedorchuk, Sergey A."]
[Black "Ghaem Maghami, Ehsan"]
[Result "1/2-1/2"]
[WhiteElo "2604"]
[BlackElo "2540"]
[Annotator "ChessBase"]
[PlyCount "87"]
[EventDate "2019.02.05"]
[EventType "swiss"]
[EventCountry "IRI"]
[SourceTitle "playchess.com"]
[Source "ChessBase"]
[SourceQuality "1"]
[TimeControl "5400+30"]

1. e4 {[%emt 0:00:00]} c5 {[%emt 0:00:00]} 2. Nf3 {[%emt 0:00:00]} e6 {[%emt 0:00:00]} 3. d4 {[%emt 0:00:27]} cxd4 {[%emt 0:00:07]} 4. Nxd4 {[%emt 0:00:20]} Nc6 {[%emt 0:00:25]} 5. Nc3 {[%emt 0:01:21]} Qc7 {[%emt 0:00:25]} 6. Be3 {[%emt 0:08:09]} a6 {[%emt 0:00:20]} 7. Qf3 {[%emt 0:08:53]} Bd6 {[%emt 0:06:04]} 8. O-O-O {[%emt 0:12:54]} Be5 {[%emt 0:00:20]} 9. Nxc6 {[%emt 0:09:06]} bxc6 {[%emt 0:01:39]} 10. Bd4 {[%emt 0:00:06]} Bxd4 {[%emt 0:09:07]} 11. Rxd4 {[%emt 0:00:37]} Nf6 {[%emt 0:00:15]} 12. Qg3 {[%emt 0:17:48]} Qxg3 {[%emt 0:01:34]} 13. hxg3 {[%emt 0:00:03]} d5 {[%emt 0:00:22]} 14. Ra4 {[%emt 0:00:34]} Kd8 {[%emt 0:03:04]} 15. Be2 {[%emt 0:07:40]} h6 {[%emt 0:12:59]} 16. f4 {[%emt 0:08:44]} a5 {[%emt 0:11:41]} 17. Bf3 {[%emt 0:01:45]} Bb7 {[%emt 0:03:22]} 18. Ra3 {[%emt 0:05:05]} Kc7 {[%emt 0:09:44]} 19. Re1 {[%emt 0:00:36]} Rhe8 {[%emt 0:14:21]} 20. Na4 {[%emt 0:07:44]} Ba6 {[%emt 0:00:30]} 21. Nc5 {[%emt 0:00:30]} Bb5 22. exd5 {[%emt 0:00:30]} cxd5 {[%emt 0:01:00]} 23. Rc3 {[%emt 0:00:35]} Kb6 {[%emt 0:00:56]} 24. Nxe6 {[%emt 0:02:23]} fxe6 {[%emt 0:04:48]} 25. Rxe6+ {[%emt 0:00:07]} Ka7 {[%emt 0:00:10]} 26. Rc7+ {[%emt 0:00:38]} Kb8 {[%emt 0:00:06]} 27. Rxg7 {[%emt 0:01:13]} Ra6 {[%emt 0:00:09]} 28. Rxa6 {[%emt 0:00:11]} Bxa6 {[%emt 0:00:03]} 29. Rg6 {[%emt 0:00:00]} Rf8 {[%emt 0:00:12]} 30. Rxh6 {[%emt 0:00:09]} Bc8 {[%emt 0:00:04]} 31. Rg6 {[%emt 0:00:15]} Bf5 {[%emt 0:04:09]} 32. Rg7 {[%emt 0:00:10]} Be4 {[%emt 0:03:07]} 33. g4 {[%emt 0:00:58]} Rc8 {[%emt 0:07:47]} 34. g5 {[%emt 0:00:09]} Ne8 {[%emt 0:01:25]} 35. Re7 {[%emt 0:00:18]} Nd6 {[%emt 0:00:51]} 36. Bxe4 {[%emt 0:00:16]} dxe4 {[%emt 0:00:16]} 37. g4 {[%emt 0:03:00]} Rg8 {[%emt 0:01:24]} 38. b3 {[%emt 0:01:34]} Kc8 {[%emt 0:00:05]} 39. Kd2 {[%emt 0:00:29]} Rh8 {[%emt 0:03:03]} 40. g6 {[%emt 0:01:32]} Rh2+ {[%emt 0:00:10]} 41. Kc3 {[%emt 0:01:01]} Rg2 {[%emt 0:00:21]} 42. g5 {[%emt 0:01:01]} Rg3+ {[%emt 0:00:12]} 43. Kb2 {[%emt 0:00:49]} Nf5 {[%emt 0:01:13]} 44. Rf7 {[%emt 0:00:31]} 1/2-1/2

[Event "27th Fajr Cup Masters 2019"]
[Site "Tehran"]
[Date "2019.02.09"]
[Round "7.2"]
[White "Asgarizadeh, Ahmad"]
[Black "Ponkratov, Pavel"]
[Result "1/2-1/2"]
[WhiteElo "2423"]
[BlackElo "2630"]
[Annotator "ChessBase"]
[PlyCount "44"]
[EventDate "2019.02.05"]
[EventType "swiss"]
[EventCountry "IRI"]
[SourceTitle "playchess.com"]
[Source "ChessBase"]
[SourceQuality "1"]
[TimeControl "5400+30"]

1. e4 {[%emt 0:00:00]} e5 {[%emt 0:00:00]} 2. Nf3 {[%emt 0:00:04]} Nc6 {[%emt 0:00:00]} 3. Bc4 {[%emt 0:00:13]} Nf6 {[%emt 0:00:00]} 4. d3 {[%emt 0:00:11]} h6 {[%emt 0:00:00]} 5. c3 {[%emt 0:01:18]} d6 {[%emt 0:00:00]} 6. h3 {[%emt 0:01:32]} g6 {[%emt 0:00:04]} 7. O-O {[%emt 0:01:14]} Bg7 {[%emt 0:00:05]} 8. Re1 {[%emt 0:00:21]} O-O {[%emt 0:00:05]} 9. d4 {[%emt 0:01:50]} exd4 {[%emt 0:07:37]} 10. cxd4 {[%emt 0:00:05]} d5 {[%emt 0:00:03]} 11. exd5 {[%emt 0:00:11]} Nxd5 {[%emt 0:00:04]} 12. Bxd5 {[%emt 0:00:13]} Qxd5 {[%emt 0:00:08]} 13. Nc3 {[%emt 0:00:01]} Qd6 {[%emt 0:13:32]} 14. d5 {[%emt 0:14:38]} Ne7 {[%emt 0:00:14]} 15. Nb5 {[%emt 0:04:34]} Qxd5 {[%emt 0:00:06]} 16. Nxc7 {[%emt 0:07:36]} Qxd1 {[%emt 0:00:07]} 17. Rxd1 {[%emt 0:00:01]} Rb8 {[%emt 0:00:06]} 18. Bf4 {[%emt 0:00:08]} Nc6 {[%emt 0:00:04]} 19. Nb5 {[%emt 0:05:40]} Ra8 {[%emt 0:00:05]} 20. Nc7 {[%emt 0:00:12]} Rb8 {[%emt 0:00:04]} 21. Nb5 {[%emt 0:00:45]} Ra8 {[%emt 0:00:04]} 22. Nc7 {[%emt 0:00:04]} Rb8 {[%emt 0:00:03]} 1/2-1/2

[Event "27th Fajr Cup Masters 2019"]
[Site "Tehran"]
[Date "2019.02.09"]
[Round "7.3"]
[White "Firouzja, Alireza"]
[Black "Alizadeh, Gh"]
[Result "1-0"]
[WhiteElo "2618"]
[BlackElo "2191"]
[Annotator "ChessBase"]
[PlyCount "71"]
[EventDate "2019.02.05"]
[EventType "swiss"]
[EventCountry "IRI"]
[SourceTitle "playchess.com"]
[Source "ChessBase"]
[SourceQuality "1"]
[TimeControl "5400+30"]

1. e4 {[%emt 0:03:01]} c5 {[%emt 0:00:00]} 2. Nf3 {[%emt 0:00:07]} Nc6 {[%emt 0:00:00]} 3. Bb5 {[%emt 0:00:09]} g6 {[%emt 0:00:12]} 4. Bxc6 {[%emt 0:01:35]} dxc6 {[%emt 0:00:07]} 5. h3 {[%emt 0:00:12]} Bg7 {[%emt 0:00:06]} 6. d3 {[%emt 0:00:07]} Nf6 {[%emt 0:00:17]} 7. Nc3 {[%emt 0:00:08]} Nd7 {[%emt 0:00:12]} 8. Be3 {[%emt 0:00:12]} e5 {[%emt 0:00:07]} 9. Qd2 {[%emt 0:00:12]} h6 {[%emt 0:00:06]} 10. O-O {[%emt 0:00:21]} b6 {[%emt 0:00:04]} 11. Nh2 {[%emt 0:01:31]} Nf8 {[%emt 0:00:11]} 12. f4 {[%emt 0:00:19]} exf4 {[%emt 0:00:07]} 13. Bxf4 {[%emt 0:00:44]} g5 {[%emt 0:00:11]} 14. Bg3 {[%emt 0:03:49]} Be6 {[%emt 0:08:13]} 15. e5 {[%emt 0:07:48]} Qd4+ {[%emt 0:10:26]} 16. Rf2 {[%emt 0:05:59]} O-O-O {[%emt 0:25:22]} 17. Nf3 {[%emt 0:02:31]} Qb4 {[%emt 0:01:05]} 18. a3 {[%emt 0:01:11]} Qa5 {[%emt 0:00:06]} 19. Qe1 {[%emt 0:09:53]} Kb7 {[%emt 0:05:16]} 20. b4 {[%emt 0:12:29]} cxb4 {[%emt 0:00:54]} 21. axb4 {[%emt 0:00:24]} Qxb4 {[%emt 0:00:27]} 22. Ra4 {[%emt 0:00:16]} Qe7 {[%emt 0:12:20]} 23. Nd4 {[%emt 0:00:53]} Rxd4 {[%emt 0:00:59]} 24. Rxd4 {[%emt 0:01:01]} Qc5 {[%emt 0:13:32]} 25. Ra4 {[%emt 0:02:31]} Ng6 {[%emt 0:05:11]} 26. Ne4 {[%emt 0:02:31]} Qd5 {[%emt 0:00:22]} 27. Nd6+ {[%emt 0:06:28]} Kb8 {[%emt 0:00:01]} 28. d4 {[%emt 0:02:10]} Rd8 {[%emt 0:02:51]} 29. Qa1 {[%emt 0:01:44]} c5 {[%emt 0:01:04]} 30. Rxa7 {[%emt 0:00:57]} Rxd6 {[%emt 0:00:19]} 31. exd6 {[%emt 0:00:11]} Nf4 {[%emt 0:00:05]} 32. Bxf4 {[%emt 0:02:04]} gxf4 {[%emt 0:00:07]} 33. Rc7 {[%emt 0:00:57]} Qa2 {[%emt 0:00:40]} 34. Qxa2 {[%emt 0:00:11]} Bxa2 {[%emt 0:00:02]} 35. dxc5 {[%emt 0:00:14]} bxc5 {[%emt 0:01:19]} 36. c3 {[%emt 0:00:17]} 1-0

[Event "27th Fajr Cup Masters 2019"]
[Site "Tehran"]
[Date "2019.02.09"]
[Round "7.4"]
[White "Kuzubov, Yuriy"]
[Black "Mirzoev, Azer"]
[Result "0-1"]
[WhiteElo "2650"]
[BlackElo "2483"]
[Annotator "TA"]
[PlyCount "110"]
[EventDate "2019.02.05"]
[EventType "swiss"]
[EventCountry "IRI"]
[SourceTitle "playchess.com"]
[Source "ChessBase"]
[SourceQuality "1"]

{[%evp 11,110,0,24,23,24,25,19,28,26,6,29,14,32,29,34,25,30,12,27,16,20,-17,10,-7,14,0,0,-41,-38,-29,0,-138,-102,-396,-104,-172,-185,-153,-181,-189,-59,-53,-53,-55,-55,-75,-43,-39,-49,-55,-62,-54,-54,-53,-67,-59,-44,-62,-51,-113,-69,-121,-74,-64,-8,-127,-131,-142,-134,-304,-291,-29983,-29984,-29981,-383,-367,-360,-424,-320,-283,-316,-304,-225,-395,-386,-582,-568,-806,-553,-621,-498,-29981,-29982,-29990,-29991,-29991,-29987,-29990,-29991,-29991,-29992]} 1. e4 e6 2. d4 d5 3. Nc3 Nf6 4. e5 Nfd7 5. f4 c5 6. Nf3 a6 7. Ne2 {C11: French: Classical System: 4 e5 and 4 Bg5 dxe4} Nc6 8. c3 Be7 (8... b5 9. a3 c4 10. g4 h5 11. gxh5 Rxh5 12. f5 exf5 13. Nf4 Rh8 14. Qe2 Nb6 {0-1 (43) Vachier Lagrave,M (2803)-Naiditsch,A (2702) Karlsruhe/Baden-Baden 2017}) 9. g3 {The position is equal.} O-O 10. Bh3 cxd4 11. cxd4 Nb6 $146 ({Predecessor:} 11... Qa5+ 12. Kf2 Qb6 13. Kg2 Rd8 14. g4 f6 {½-½ (56) Yankelevich,L (2413)-Heinz,T (2346) Germany 2016}) 12. O-O Bd7 13. Kh1 Rc8 14. g4 f6 15. exf6 Bxf6 16. Ng3 Kh8 17. g5 Be7 18. Qe2 Bd6 19. g6 Qf6 $36 {[%mdl 2048] Black has the initiative.} 20. gxh7 Qh6 (20... Nb4 $5 {[%cal Rd7b5]} 21. Bd2 Rc2 $15) 21. Ng5 (21. Qg2 $1 $11 {keeps the balance.} Bxf4 22. Bxf4 Rxf4 23. Ne2) 21... Nxd4 $17 22. Qd3 $2 {[%mdl 8192]} (22. Qh5 $17 {is a better defense.}) 22... Nf5 $2 (22... Nc2 $19 {has better winning chances.} 23. Rb1 Be7 24. Bxe6 Bxe6) 23. Qb3 (23. Nxf5 $17 exf5 24. Qg3) 23... Bb5 $19 24. Nxf5 exf5 25. Re1 Nc4 (25... Nd7 $19 {...Rxc1! is the strong threat.} 26. Qg3 Nc5) 26. Bg2 $15 Bc6 27. Qg3 Qf6 $1 28. Rb1 Bb4 29. Re6 Qd4 30. Be3 Nxe3 31. Rxe3 Qd2 32. Ne6 {[%csl Ge6][%cal Rg3g7][%mdl 64] Double Attack} Rf7 33. Rd3 Qc2 34. Rbd1 Qxb2 {aiming for ...Re7.} 35. Ng5 (35. Bxd5 $15 Qc2 36. Bf3) 35... Rff8 {Threatens to win with ...Ba4.} 36. Nf3 (36. Bxd5 $15 Bxd5+ 37. Rxd5) 36... Bd6 (36... Ba4 $6 37. Ne5 $1 $11 {[%mdl 512]}) 37. Nh4 {Strongly threatening Ng6+.} Rf6 (37... Be8 $15 38. Rxd5 {[%mdl 64] Double Attack} Bb4) 38. Rg1 (38. Ng6+ $11 Kxh7 39. Qg5) 38... Bc5 $17 (38... Qxa2 $6 39. Ng6+ Rxg6 40. Qxg6 $11) 39. Rgd1 Re8 ({Stronger than} 39... Kxh7 40. Nxf5 $1 {[%mdl 512]} Rc7 41. Qh4+ (41. Bxd5 Bxd5+ 42. Rxd5 Bf8 $11) 41... Kg8 42. Rh3 $11) 40. Qg5 $2 (40. Ng6+ $17 {might work better.} Kxh7 41. Ne5) 40... Qf2 $19 {( -> ...Re1+)} ({Weaker is} 40... Qxa2 41. Ng6+ Rxg6 42. Qxg6 $15) 41. Rf1 $2 (41. Qg3 $19) 41... Re1 42. Rd1 {[#]} Rxd1 $2 (42... Qxf1+ $1 {[%mdl 512] mates} 43. Bxf1 d4+ 44. Qg2 Bxg2+ 45. Kxg2 Rxd1 46. Bc4 d3 47. Nf3 Rg6+ 48. Ng5 Rg1+ 49. Kf3 Rf1+ 50. Kg3 Bd6 51. h4 Rxf4 52. Bb3 {[#]} Rxh4+ $1 {[%mdl 512]} 53. Kf3 Rxg5 54. Ke3 Rg3+ 55. Kd2 Bb4+ 56. Kc1 Rh2 57. Bd1 Rg1 58. a4 Rc2+ 59. Kb1 Rxd1#) 43. Rxd1 {intending Ng6+.} Qe2 44. Rc1 Qe3 45. Rf1 Qe6 46. Nf3 d4 47. Re1 $2 (47. Ne5 {was forced.}) 47... Qxa2 {And now ...d3 would win.} 48. Nh4 (48. Ne5 $142 Bxg2+ 49. Qxg2 Qxg2+ 50. Kxg2) 48... Bxg2+ 49. Nxg2 Qf7 {Hoping for ...d3.} 50. Nh4 Qd5+ 51. Ng2 (51. Qg2 $19 Qxg2+ 52. Kxg2) 51... d3 {Black mates.} 52. Re5 Qf3 {[%cal Rf3f1]} 53. Re8+ Bf8 {[%cal Rf3f1]} 54. h3 d2 55. Kh2 d1=Q {Accuracy: White = 34%, Black = 47%.} 0-1